[Event "POL-ch sf"]
[Site "Karpacz"]
[Date "2023.12.10"]
[Round "7"]
[White "Witczak, Borys"]
[Black "Smukowski, Bartosz"]
[Result "1-0"]
[WhiteElo "1777"]
[BlackElo "1726"]
[PlyCount "127"]
[EventDate "2023.12.04"]
[EventType "swiss"]
[EventRounds "9"]
[EventCountry "POL"]
[SourceTitle "CB50_2023"]
[SourceDate "2023.12.13"]
[SourceVersion "1"]
[SourceVersionDate "2023.12.13"]
[SourceQuality "1"]

1. d4 d5 2. c4 e6 3. Nc3 c6 4. cxd5 exd5 5. Nf3 Nf6 6. Bg5 Be7 7. e3 Bf5 8. Be2 Ne4 9. Bxe7 Qxe7 10. Nxe4 Bxe4 11. 0-0 Bxf3 12. Bxf3 Nd7 13. b4 a6 14. a4 0-0 15. b5 axb5 16. axb5 Nb6 17. bxc6 bxc6 18. Qc2 Qd6 19. Be2 g6 20. g3 Nd7 21. Bg4 f5 22. Bf3 Nf6 23. Rfc1 Rxa1 24. Rxa1 Rc8 25. Ra6 Kf7 26. Qb3 Ng8 27. Rb6 Ne7 28. h4 h5 29. Rb7 Rc7 30. Rb6 Qd7 31. Be2 Kf6 32. Ba6 Kf7 33. Rb8 Ra7 34. Bd3 Nc8 35. Kg2 Kg7 36. Qb4 Nd6 37. Qc5 Qc7 38. Rb6 Ne4 39. Bxe4 fxe4 40. Rxc6 Qf7 41. Qc1 Qf3+ 42. Kg1 Rf7 43. Qc2 Kh6 44. Rd6 Ra7 45. Rb6 Rf7 46. Rb2 Kh7 47. Qe2 Qf5 48. Kg2 Kh6 49. Rd2 Qe6 50. Qb5 Rf5 51. Rc2 Qf6 52. Kg1 Qf8 53. Qb7 Qf6 54. Rc6 Rxf2 55. Rxf6 Rg2+ 56. Kf1 Rg1+ 57. Ke2 Re1+ 58. Kd2 Rd1+ 59. Kc3 Rc1+ 60. Kb4 Rc4+ 61. Kb5 Rb4+ 62. Kc6 Rc4+ 63. Kd6 Rc6+ 64. Qxc6 1-0

[Event "POL-ch Rapid U18"]
[Site "Bydgoszcz"]
[Date "2023.08.30"]
[Round "8"]
[White "Sakharchuk, Aliaksandr"]
[Black "Witczak, Borys"]
[Result "0-1"]
[WhiteElo "1346"]
[BlackElo "1776"]
[PlyCount "70"]
[EventDate "2023.08.28"]
[EventType "swiss"]
[EventRounds "11"]
[EventCountry "POL"]
[SourceTitle "EXT 2024"]
[Source "ChessBase"]
[SourceDate "2023.10.10"]
[SourceVersion "1"]
[SourceVersionDate "2023.10.10"]
[SourceQuality "1"]

1. e4 c5 2. Nf3 d6 3. c3 Nf6 4. d4 cxd4 5. cxd4 Nxe4 6. Bd3 Nf6 7. 0-0 g6 8. Nc3 Bg7 9. Re1 0-0 10. Bg5 Nc6 11. Qe2 Bg4 12. d5 Ne5 13. Be4 Nxe4 14. Qxe4 Bxf3 15. gxf3 h6 16. Bh4 g5 17. Bg3 f5 18. Qb4 f4 19. Qxb7 Nxf3+ 20. Kg2 Nxe1+ 21. Rxe1 fxg3 22. Rxe7 Bf6 23. Re2 gxf2 24. Ne4 Bd4 25. Nxf2 Rxf2+ 26. Rxf2 Bxf2 27. Kxf2 Rb8 28. Qxa7 Rxb2+ 29. Kg3 Qf6 30. Qa8+ Kg7 31. Qa7+ Kg6 32. Qe3 h5 33. Qe8+ Kh6 34. Qe4 Qf2+ 35. Kh3 Qxh2# 0-1

[Event "POL-ch Rapid U18"]
[Site "Bydgoszcz"]
[Date "2023.08.30"]
[Round "7"]
[White "Witczak, Borys"]
[Black "Niezhentsev, Kyrylo"]
[Result "0-1"]
[WhiteElo "1776"]
[BlackElo "2146"]
[PlyCount "124"]
[EventDate "2023.08.28"]
[EventType "swiss"]
[EventRounds "11"]
[EventCountry "POL"]
[SourceTitle "EXT 2024"]
[Source "ChessBase"]
[SourceDate "2023.10.10"]
[SourceVersion "1"]
[SourceVersionDate "2023.10.10"]
[SourceQuality "1"]

1. d4 Nf6 2. c4 e6 3. Nc3 Bb4 4. Qc2 0-0 5. e4 d5 6. e5 Ne4 7. Bd3 c5 8. Nf3 cxd4 9. Nxd4 f5 10. exf6 Nxf6 11. a3 Ba5 12. Nb3 Bc7 13. Nb5 Nc6 14. Nxc7 Qxc7 15. 0-0 h6 16. cxd5 Ng4 17. g3 exd5 18. Be3 Nge5 19. f4 Ng4 20. Bc5 Rd8 21. Rae1 b6 22. Bb4 Bb7 23. Re7 Rd7 24. Rxd7 Qxd7 25. Bf5 Nxb4 26. axb4 Ne3 27. Bxd7 Nxc2 28. b5 d4 29. Bf5 Ne3 30. Be6+ Kf8 31. Re1 Nc2 32. Rd1 Be4 33. Bc4 Rd8 34. Bd3 Ne3 35. Rd2 Bb7 36. Be2 Nf5 37. Bg4 Ne3 38. Bh3 d3 39. Nc1 Be4 40. b3 Nc2 41. Bf1 Nd4 42. Kf2 Nf3 43. Rd1 d2 44. Na2 Bc2 45. Be2 Bxd1 46. Bxd1 Nd4 47. Ke3 Nxb5 48. Ke2 Nd4+ 49. Kxd2 Nxb3+ 50. Kc2 Rd2+ 51. Kxb3 Rxd1 52. Kc2 Rh1 53. Nc3 Rxh2+ 54. Kb3 Rg2 55. Ne4 Re2 56. Nd6 Re3+ 57. Kc4 Rxg3 58. Nc8 Rg4 59. Nxa7 Rxf4+ 60. Kb5 h5 61. Kxb6 h4 62. Nb5 h3 0-1

[Event "POL-ch Rapid U18"]
[Site "Bydgoszcz"]
[Date "2023.08.29"]
[Round "2"]
[White "Chmiel, Krzysztof"]
[Black "Witczak, Borys"]
[Result "0-1"]
[WhiteElo "1255"]
[BlackElo "1776"]
[PlyCount "79"]
[EventDate "2023.08.28"]
[EventType "swiss"]
[EventRounds "11"]
[EventCountry "POL"]
[SourceTitle "EXT 2024"]
[Source "ChessBase"]
[SourceDate "2023.10.10"]
[SourceVersion "1"]
[SourceVersionDate "2023.10.10"]
[SourceQuality "1"]

1. c4 Nf6 2. Nc3 g6 3. g3 Bg7 4. Bg2 d6 5. d4 0-0 6. e3 e5 7. Nge2 c6 8. 0-0 Nbd7 9. d5 cxd5 10. Nxd5 Nxd5 11. Bxd5 Nb6 12. Nc3 Nxd5 13. Nxd5 Be6 14. b3 e4 15. Rb1 Bh3 16. Re1 Qg5 17. Bb2 Bxb2 18. Rxb2 Be6 19. Rd2 Rad8 20. Qa1 Bxd5 21. Rxd5 Qe7 22. Red1 b6 23. Qd4 Qe6 24. Rxd6 Rxd6 25. Qxd6 Qg4 26. Qd7 Qe2 27. Qd2 Qf3 28. Rf1 h5 29. Qd7 h4 30. gxh4 Kg7 31. Qd1 Qf5 32. f3 f6 33. fxe4 Qxe4 34. Qf3 Qxh4 35. Qg3 Qe4 36. Rd1 Rf7 37. Rd2 Re7 38. Kf2 Qf5+ 39. Qf4 Qb5 40. Re2 0-1

[Event "Ustron op-B"]
[Site "Ustron"]
[Date "2023.08.14"]
[Round "4"]
[White "Witczak, Borys"]
[Black "Bulej, Matej"]
[Result "1/2-1/2"]
[WhiteElo "1949"]
[BlackElo "1976"]
[PlyCount "229"]
[EventDate "2023.08.11"]
[EventType "swiss"]
[EventRounds "9"]
[EventCountry "POL"]
[SourceTitle "CBM 215 Extra"]
[Source "ChessBase"]
[SourceDate "2023.09.30"]
[SourceVersion "1"]
[SourceVersionDate "2023.09.30"]
[SourceQuality "1"]

1. e4 c6 2. d4 d5 3. exd5 cxd5 4. Bd3 Nc6 5. c3 g6 6. Bf4 Nf6 7. h3 Bf5 8. Nf3 Bxd3 9. Qxd3 Qb6 10. Qe2 Bg7 11. 0-0 0-0 12. Na3 a6 13. Rab1 Ne4 14. Nc2 Rfe8 15. Ne3 e6 16. Nd2 Nxd2 17. Qxd2 Ne7 18. Rfe1 Rad8 19. Ng4 Nf5 20. Bg5 Rd7 21. Nf6+ Bxf6 22. Bxf6 Rc8 23. g4 Ng7 24. Re2 Ne8 25. Be5 f6 26. Bg3 Re7 27. Rbe1 Ng7 28. Qf4 Rf7 29. Qd2 Qc6 30. Bf4 Re8 31. Bh6 Qd6 32. Bf4 Qc6 33. Re3 Rfe7 34. Qe2 Qb6 35. Bg3 Rf7 36. f4 f5 37. Qh2 Qd6 38. R1e2 Ref8 39. Re5 Qc6 40. Re1 Qb6 41. Qe2 Qc6 42. Rf1 Qb5 43. Qxb5 axb5 44. Rf2 b6 45. a3 Rc7 46. Kf1 Kf7 47. Bh4 Ne8 48. Rfe2 Rc6 49. Ke1 Ng7 50. Bg5 Rg8 51. Kd2 h5 52. gxh5 Nxh5 53. R5e3 Rh8 54. Kc2 Re8 55. Kb3 Rc4 56. Re1 Ra4 57. Ka2 Rc4 58. b3 Rc6 59. Kb2 Ra8 60. Ra1 Ra7 61. a4 bxa4 62. bxa4 Ra8 63. Kb3 Rc4 64. Ra2 Ng7 65. Ra1 Nh5 66. Rae1 Re8 67. Ka3 Ng7 68. Rb1 Ra8 69. Rb4 b5 70. Rxb5 Rcxa4+ 71. Kb3 Ra3+ 72. Kc2 Ra2+ 73. Kd3 R8a7 74. Bh6 Ne8 75. Rb8 Re7 76. Bg5 Rea7 77. Rb6 Ng7 78. Re1 R2a6 79. Rb8 Rc6 80. Reb1 Rac7 81. R1b3 Rc8 82. Rxc8 Rxc8 83. Rb7+ Kg8 84. Bf6 Nh5 85. Be5 Re8 86. Rc7 Kf8 87. c4 dxc4+ 88. Kxc4 Ra8 89. Kc5 Ra6 90. h4 Ra2 91. Kd6 Ra6+ 92. Kd7 Kf7 93. Kd8+ Kf8 94. Kd7 Kf7 95. Kc8+ Kf8 96. Kb7 Ra4 97. Rc6 Ng7 98. Kc8 Ra8+ 99. Kb7 Ra4 100. d5 exd5 101. Rxg6 Ne8 102. h5 Ra2 103. h6 Rh2 104. Kc6 Kf7 105. Rg5 Rxh6+ 106. Kxd5 Rg6 107. Rxf5+ Ke7 108. Bc3 Nf6+ 109. Kd4 Nd7 110. Bb4+ Ke8 111. Rh5 Kf7 112. Ra5 Rb6 113. Ba3 Nf6 114. Ra7+ Kg6 115. Bc5 1/2-1/2

[Event "Ustron op-B"]
[Site "Ustron"]
[Date "2023.08.12"]
[Round "2"]
[White "Dixa, Oskar"]
[Black "Witczak, Borys"]
[Result "1-0"]
[WhiteElo "2086"]
[BlackElo "1949"]
[PlyCount "117"]
[EventDate "2023.08.11"]
[EventType "swiss"]
[EventRounds "9"]
[EventCountry "POL"]
[SourceTitle "CBM 215 Extra"]
[Source "ChessBase"]
[SourceDate "2023.09.30"]
[SourceVersion "1"]
[SourceVersionDate "2023.09.30"]
[SourceQuality "1"]

1. e4 c6 2. d4 d5 3. Nc3 dxe4 4. Nxe4 Nf6 5. Nxf6+ exf6 6. c3 Bd6 7. Bd3 0-0 8. Qc2 Re8+ 9. Ne2 h5 10. Bd2 Nd7 11. 0-0-0 b5 12. Ng3 Nb6 13. Rde1 Rxe1+ 14. Rxe1 Nc4 15. Nxh5 Bg4 16. Ng3 Nxd2 17. Qxd2 b4 18. Ne4 Bc7 19. Kb1 bxc3 20. Nxc3 Ba5 21. Be4 Qb6 22. Qc2 Qxd4 23. f3 Be6 24. Rd1 Qc4 25. Qa4 Bxc3 26. Qxc4 Bxc4 27. bxc3 Rb8+ 28. Ka1 Rc8 29. Rd7 a6 30. Rd6 Bb5 31. Kb2 Kf8 32. Kb3 Ke7 33. Rd2 c5 34. c4 Be8 35. Kc3 Rb8 36. h4 g6 37. g4 Bd7 38. Rd5 Rc8 39. h5 Be6 40. Rd2 gxh5 41. gxh5 Rh8 42. Rh2 Rh6 43. Rh4 f5 44. Bb7 Bd7 45. f4 a5 46. Bf3 Rh7 47. Rh2 f6 48. Kd3 Kd6 49. Rb2 Be8 50. Rb6+ Ke7 51. Rb7+ Bd7 52. Bc6 Rxh5 53. Rxd7+ Ke6 54. Rd5 Rh3+ 55. Kc2 Rh2+ 56. Kb3 Rf2 57. Bd7+ Ke7 58. Bxf5 Rxf4 59. Rxc5 1-0

[Event "Krakow op-B 33rd"]
[Site "Krakow"]
[Date "2022.12.31"]
[Round "5"]
[White "Gorkiewicz, Mateusz"]
[Black "Witczak, Borys"]
[Result "1-0"]
[WhiteElo "2076"]
[BlackElo "1887"]
[PlyCount "65"]
[EventDate "2022.12.27"]
[EventType "swiss"]
[EventRounds "9"]
[EventCountry "POL"]
[SourceTitle "CBM 212 Extra"]
[Source "ChessBase"]
[SourceDate "2023.03.31"]
[SourceVersion "1"]
[SourceVersionDate "2023.03.31"]
[SourceQuality "1"]

1. e4 c5 2. Nf3 d6 3. d4 cxd4 4. Nxd4 Nf6 5. Nc3 a6 6. a4 e5 7. Nf3 Be7 8. Bg5 Be6 9. Bxf6 Bxf6 10. Nd5 Nd7 11. Bc4 Nb6 12. Nxb6 Qxb6 13. Bxe6 fxe6 14. 0-0 0-0 15. a5 Qc6 16. c3 b5 17. axb6 Rfb8 18. Qe2 Rxb6 19. Ra2 a5 20. Rfa1 a4 21. Ne1 d5 22. Nc2 Be7 23. exd5 Qxd5 24. Ne3 Qe4 25. Qc4 Qb7 26. Rxa4 Rxa4 27. Rxa4 Rxb2 28. Qxe6+ Kf8 29. h3 Qb8 30. Rc4 Qe8 31. Rc8 Bd8 32. Qd6+ Kf7 33. Rxd8 1-0

[Event "EU-ch U12 30th"]
[Site "Antalya"]
[Date "2022.11.12"]
[Round "7"]
[White "Mompel Ferruz, Xavier"]
[Black "Witczak, Borys"]
[Result "1/2-1/2"]
[WhiteElo "1964"]
[BlackElo "1767"]
[PlyCount "146"]
[EventDate "2022.11.06"]
[EventType "swiss"]
[EventRounds "9"]
[EventCountry "TUR"]
[SourceTitle "CBM 211 Extra"]
[Source "ChessBase"]
[SourceDate "2023.01.31"]
[SourceVersion "1"]
[SourceVersionDate "2023.01.31"]
[SourceQuality "1"]

1. e4 c5 2. Nf3 d6 3. d4 cxd4 4. Nxd4 Nf6 5. Nc3 a6 6. Be3 e5 7. Nf3 Be7 8. Bc4 0-0 9. 0-0 Be6 10. Bb3 Nc6 11. Bg5 Nd7 12. Bxe7 Qxe7 13. Nd5 Qd8 14. Qe2 Nc5 15. Rad1 Nxb3 16. axb3 f5 17. exf5 Bxf5 18. Ne3 Qe7 19. Nxf5 Rxf5 20. Qe4 Rf7 21. Qd5 Rd8 22. c4 g6 23. Rfe1 Kg7 24. Re4 Qf6 25. Qd2 Rfd7 26. h3 h5 27. h4 Ne7 28. Qe2 Ng8 29. Re1 Qf5 30. Ng5 Nf6 31. Re3 Re7 32. Ne4 Nxe4 33. Rxe4 Rf7 34. Qd2 Qc8 35. Qe3 Rdf8 36. f3 Qc6 37. Qg5 Qd7 38. Kh2 Rf5 39. Qg3 Qd8 40. c5 dxc5 41. Rxe5 Rxe5 42. Rxe5 Qd6 43. f4 b6 44. Qe3 Qf6 45. g3 Rf7 46. Qd3 a5 47. Qd5 Re7 48. Rxe7+ Qxe7 49. Qc6 Qe2+ 50. Kg1 Qd1+ 51. Kh2 Qxb3 52. Qc7+ Kh6 53. Qe5 Qc2+ 54. Kh1 Qd1+ 55. Kg2 Qd2+ 56. Kh3 Qd7+ 57. Kh2 Qg7 58. Qe2 Qd4 59. b3 Qd7 60. Qe5 Kh7 61. Qf6 b5 62. Qb6 c4 63. bxc4 bxc4 64. Qxa5 Qc8 65. Qc3 Qc7 66. Kh3 Qd7+ 67. Kh2 Qd5 68. Qf6 Qd2+ 69. Kh3 Qd7+ 70. Kh2 Qg7 71. Qc6 c3 72. Qc5 Qf6 73. Kg2 Kg7 1/2-1/2

[Event "Wch U12"]
[Site "Batumi"]
[Date "2022.09.27"]
[Round "11"]
[White "Lisenkov, Svyatoslav"]
[Black "Witczak, Borys"]
[Result "1-0"]
[WhiteElo "2069"]
[BlackElo "1713"]
[PlyCount "143"]
[EventDate "2022.09.16"]
[EventType "swiss"]
[EventRounds "11"]
[EventCountry "GEO"]
[SourceTitle "EXT 2023"]
[Source "ChessBase"]
[SourceDate "2022.10.05"]
[SourceVersion "1"]
[SourceVersionDate "2022.10.05"]
[SourceQuality "1"]

1. e4 c5 2. Nf3 d6 3. d4 cxd4 4. Nxd4 Nf6 5. Nc3 a6 6. Be2 e5 7. Nb3 Be7 8. 0-0 0-0 9. Qd3 Qc7 10. Bd2 Be6 11. Nd5 Bxd5 12. exd5 b6 13. a4 a5 14. c3 Nbd7 15. Rad1 Nc5 16. Nxc5 bxc5 17. Qf3 c4 18. Bc1 Rfc8 19. Qh3 Qb6 20. Kh1 Qb3 21. f4 exf4 22. Rxf4 Qxa4 23. Rdf1 Qb5 24. Rxf6 Bxf6 25. Rxf6 Qxd5 26. Rf1 Rab8 27. Qg3 Re8 28. Qf2 Qe6 29. Bh5 Re7 30. Bg5 f6 31. Bf4 Reb7 32. Re1 Rxb2 33. Qf1 Qd5 34. Be2 Rc8 35. Rd1 Qe4 36. Bf3 Qc2 37. Qe1 Kh8 38. h3 Qf2 39. Qe6 Rg8 40. Bd5 Rbb8 41. Qf5 Rge8 42. Be4 Qh4 43. g3 g6 44. gxh4 gxf5 45. Bxf5 Rb3 46. Rxd6 Rxc3 47. Rxf6 Kg7 48. Rc6 Rf3 49. Rxc4 Re2 50. Kg1 Ra3 51. Kf1 Raa2 52. Bd3 Rf2+ 53. Ke1 Rg2 54. Kf1 Raf2+ 55. Ke1 Ra2 56. Be5+ Kf7 57. Bd4 Rh2 58. Rc7+ Ke8 59. Rxh7 Rh1+ 60. Bf1 a4 61. h5 a3 62. h6 Rc2 63. Rh8+ Kf7 64. h7 Kg6 65. Kd1 Rc4 66. Rd8 Kxh7 67. Ke2 Ra4 68. Kf2 a2 69. Bd3+ Kh6 70. Rh8+ Kg5 71. Rg8+ Kf4 72. Rg4# 1-0

[Event "Wch U12"]
[Site "Batumi"]
[Date "2022.09.26"]
[Round "10"]
[White "Witczak, Borys"]
[Black "Hebbar, Eshaan"]
[Result "1-0"]
[WhiteElo "1713"]
[BlackElo "1931"]
[PlyCount "121"]
[EventDate "2022.09.16"]
[EventType "swiss"]
[EventRounds "11"]
[EventCountry "GEO"]
[SourceTitle "EXT 2023"]
[Source "ChessBase"]
[SourceDate "2022.10.05"]
[SourceVersion "1"]
[SourceVersionDate "2022.10.05"]
[SourceQuality "1"]

1. d4 d5 2. c4 c6 3. cxd5 cxd5 4. Bf4 Nf6 5. e3 Nc6 6. Nc3 a6 7. Be2 e6 8. Nf3 Bd6 9. Ne5 Qc7 10. Qa4 0-0 11. Nxc6 Bxf4 12. exf4 bxc6 13. g3 Bd7 14. Qa3 Qb6 15. Rd1 Rfb8 16. b3 Ne4 17. Nxe4 dxe4 18. 0-0 a5 19. Qc5 a4 20. Bc4 Ra5 21. Qe7 Qc7 22. Rfe1 Re8 23. Qh4 f5 24. b4 Ra7 25. a3 Qd6 26. Qh5 g6 27. Qe2 Bc8 28. f3 exf3 29. Qxf3 Ba6 30. Ba2 Rd7 31. Re5 Rde7 32. Qe3 Kg7 33. Rc5 Bb5 34. Qe5+ Qxe5 35. dxe5 Rc7 36. Bc4 Ree7 37. Rd6 Kf7 38. Kf2 Rb7 39. Ke3 h6 40. Kd4 g5 41. Bxb5 cxb5 42. Rcc6 gxf4 43. gxf4 h5 44. h4 Re8 45. Kc5 Ree7 46. Rc8 Kg7 47. Rdd8 Kf7 48. Rf8+ Kg7 49. Rg8+ Kh7 50. Rh8+ Kg6 51. Rhe8 Kf7 52. Rxe7+ Kxe7 53. Kc6 Rd7 54. Rc7 Rxc7+ 55. Kxc7 Ke8 56. Kd6 Kf7 57. Kd7 Kf8 58. Kxe6 Ke8 59. Kf6 Kf8 60. e6 Ke8 61. e7 1-0

[Event "Wch U12"]
[Site "Batumi"]
[Date "2022.09.21"]
[Round "6"]
[White "Bogdanov, Artyom"]
[Black "Witczak, Borys"]
[Result "1/2-1/2"]
[WhiteElo "2093"]
[BlackElo "1713"]
[PlyCount "84"]
[EventDate "2022.09.16"]
[EventType "swiss"]
[EventRounds "11"]
[EventCountry "GEO"]
[SourceTitle "EXT 2023"]
[Source "ChessBase"]
[SourceDate "2022.10.05"]
[SourceVersion "1"]
[SourceVersionDate "2022.10.05"]
[SourceQuality "1"]

1. e4 c5 2. Nf3 d6 3. Bb5+ Nd7 4. d4 cxd4 5. Qxd4 a6 6. Bxd7+ Bxd7 7. c4 e5 8. Qd3 b5 9. Na3 Qb6 10. Be3 Qb7 11. 0-0 f5 12. Qd5 Qxd5 13. exd5 Nf6 14. Rfd1 bxc4 15. Nxc4 Be7 16. Rac1 0-0 17. Nb6 Rab8 18. Nxd7 Nxd7 19. Rc7 Rfd8 20. b3 f4 21. Bd2 Kf8 22. Ba5 Rb5 23. b4 Ke8 24. a4 Rbb8 25. Rdc1 Nf6 26. R7c6 Rd7 27. Rxa6 Nxd5 28. b5 Rbb7 29. Ra8+ Kf7 30. Rd1 Ra7 31. Rxa7 Rxa7 32. b6 Nxb6 33. Bxb6 Rxa4 34. Rb1 Ke6 35. Kf1 g5 36. Nd2 h5 37. f3 Ra2 38. Ke1 d5 39. Bf2 Ra4 40. Rb6+ Kf5 41. Rb5 Ke6 42. Rb6+ Kf5 1/2-1/2

[Event "Wch U12"]
[Site "Batumi"]
[Date "2022.09.18"]
[Round "3"]
[White "Witczak, Borys"]
[Black "Sailaubay, Aldiyar"]
[Result "0-1"]
[WhiteElo "1713"]
[BlackElo "1459"]
[PlyCount "58"]
[EventDate "2022.09.16"]
[EventType "swiss"]
[EventRounds "11"]
[EventCountry "GEO"]
[SourceTitle "EXT 2023"]
[Source "ChessBase"]
[SourceDate "2022.10.05"]
[SourceVersion "1"]
[SourceVersionDate "2022.10.05"]
[SourceQuality "1"]

1. e4 c5 2. Nf3 Nc6 3. d4 cxd4 4. Nxd4 Nf6 5. Nc3 d6 6. Bg5 Qa5 7. Bxf6 gxf6 8. Nxc6 bxc6 9. Bc4 e6 10. 0-0 Rg8 11. Qf3 Qe5 12. g3 Bb7 13. Bb3 Be7 14. Rad1 0-0-0 15. Rfe1 Qa5 16. a3 d5 17. Ne2 dxe4 18. Qxe4 Kb8 19. Nf4 c5 20. Qa4 Qb6 21. Bc4 Bd6 22. Nd3 a6 23. b4 cxb4 24. Nxb4 Bxb4 25. axb4 h5 26. h4 Rxg3+ 27. Kf1 Bg2+ 28. Ke2 Bf3+ 29. Kf1 Rh3 0-1

[Event "Krakow Malopolski op"]
[Site "Krakow"]
[Date "2022.06.18"]
[Round "6"]
[White "Szopa, Emilia"]
[Black "Witczak, Borys"]
[Result "1/2-1/2"]
[WhiteElo "1861"]
[BlackElo "1667"]
[PlyCount "68"]
[EventDate "2022.06.16"]
[EventType "swiss"]
[EventRounds "7"]
[EventCountry "POL"]
[SourceTitle "EXT 2023"]
[Source "ChessBase"]
[SourceDate "2022.10.05"]
[SourceVersion "1"]
[SourceVersionDate "2022.10.05"]
[SourceQuality "1"]

1. e4 c5 2. Ne2 d6 3. g3 Nf6 4. Bg2 e5 5. 0-0 h5 6. f3 h4 7. g4 h3 8. Bh1 Nc6 9. Ng3 g6 10. d3 Be7 11. Be3 Nh7 12. Nc3 Bh4 13. Nce2 Rg8 14. c3 f5 15. f4 exf4 16. Nxf4 Bxg3 17. hxg3 h2+ 18. Kg2 fxe4 19. Qb3 Nf6 20. Ne6 Qe7 21. Rxf6 c4 22. Qxc4 Qxf6 23. Nc7+ Kd7 24. Rf1 Qxf1+ 25. Kxf1 Rf8+ 26. Ke1 Kxc7 27. dxe4 Bxg4 28. e5 Rae8 29. Qxg4 Nxe5 30. Qh3 Nf3+ 31. Bxf3 Rxe3+ 32. Be2 Rfe8 33. Qxh2 Kd7 34. Qh3+ R8e6 1/2-1/2

[Event "EU-ch Amateur Online 1700/2000"]
[Site "Tornelo INT"]
[Date "2021.04.24"]
[Round "7"]
[White "Witczak, Borys"]
[Black "Bairamian, Artur"]
[Result "1/2-1/2"]
[WhiteElo "1339"]
[BlackElo "1791"]
[PlyCount "142"]
[EventDate "2021.04.24"]
[EventType "swiss (rapid)"]
[EventRounds "8"]
[EventCountry "NET"]
[SourceTitle "EXT 2023"]
[Source "ChessBase"]
[SourceDate "2022.10.05"]
[SourceVersion "1"]
[SourceVersionDate "2022.10.05"]
[SourceQuality "1"]

1. e4 e5 2. Nf3 d6 3. d4 exd4 4. Nxd4 Nf6 5. Nc3 Be7 6. Be2 0-0 7. 0-0 c5 8. Nb3 Nc6 9. f4 Re8 10. Bd3 Be6 11. f5 Bd7 12. Bc4 Ne5 13. Bd5 Bc6 14. Bf4 h6 15. Qe1 Bxd5 16. Nxd5 Nxd5 17. exd5 Bg5 18. Qg3 Bxf4 19. Qxf4 Qf6 20. c3 Kh7 21. g4 Qh4 22. f6 g6 23. Qg3 Qxg4 24. Qxg4 Nxg4 25. Rae1 Ne3 26. Rf2 Nxd5 27. Rfe2 Nc7 28. Re7 Kg8 29. Na5 Rab8 30. Kf2 Kf8 31. Rxc7 Rxe1 32. Kxe1 Re8+ 33. Re7 Rxe7+ 34. fxe7+ Kxe7 35. Nxb7 f5 36. Kf2 g5 37. Na5 Ke6 38. Nc4 h5 39. h3 d5 40. Ne3 Ke5 41. Kf3 g4+ 42. hxg4 hxg4+ 43. Ke2 Ke4 44. b4 cxb4 45. cxb4 d4 46. Nf1 d3+ 47. Kd2 Kd4 48. Ne3 g3 49. Nxf5+ Kc4 50. Nxg3 Kxb4 51. Ne4 Kc4 52. Nc3 Kd4 53. Nb5+ Kc4 54. Nc3 a6 55. a4 Kd4 56. Nd1 Kc4 57. Nb2+ Kb3 58. a5 Kxb2 59. Kxd3 Kb3 60. Kd2 Kb4 61. Kc2 Kxa5 62. Kb3 Kb5 63. Ka3 a5 64. Ka2 a4 65. Ka3 Ka5 66. Ka2 Kb4 67. Ka1 Ka3 68. Kb1 Kb3 69. Ka1 a3 70. Kb1 a2+ 71. Ka1 Ka3 1/2-1/2

[Event "POL-ch U10"]
[Site "Jastrzebia Gora"]
[Date "2021.??.??"]
[Round "4"]
[White "Brzezina, Piotr"]
[Black "Witczak, Borys"]
[Result "1/2-1/2"]
[WhiteElo "1403"]
[BlackElo "1240"]
[PlyCount "72"]
[EventDate "2021.02.28"]
[EventType "swiss"]
[EventRounds "9"]
[EventCountry "POL"]
[SourceTitle "EXT 2022"]
[Source "ChessBase"]
[SourceDate "2021.10.06"]
[SourceVersion "1"]
[SourceVersionDate "2021.10.06"]
[SourceQuality "1"]

1. e4 c5 2. Nf3 d6 3. d4 cxd4 4. Nxd4 Nf6 5. Nc3 a6 6. Bg5 e6 7. f4 Nbd7 8. Qf3 Qc7 9. 0-0-0 b5 10. g4 b4 11. Nce2 Bb7 12. Ng3 Rc8 13. Bd3 Qa5 14. Kb1 Qb6 15. Bxf6 Nxf6 16. g5 Nd7 17. Nde2 a5 18. h4 a4 19. h5 b3 20. cxb3 axb3 21. a3 Ra8 22. Bc4 Nc5 23. Nc1 Qc6 24. Rhe1 Rb8 25. Nxb3 Qa4 26. Nxc5 dxc5 27. Qd3 Bc6 28. f5 Bd7 29. Ne2 Be7 30. Nc3 Qc6 31. a4 Rd8 32. Bb5 Qb7 33. Bxd7+ Rxd7 34. Qxd7+ Qxd7 35. Rxd7 Kxd7 36. Rg1 Kd6 1/2-1/2